| 000 | 01968nam0a2200361 i 4500 | ||
|---|---|---|---|
| 001 | RU\NLR\BIBL_A\010361089 | ||
| 005 | 20260408114301.0 | ||
| 010 |
_a9785997327934 _994 |
||
| 021 |
_aRU _b2014-22349 _91389 |
||
| 035 | _a(NILC)RuMoRGB-006770202 | ||
| 035 | _a(NLR Aleph) 010361089 | ||
| 090 |
_a9576471 _c9576471 |
||
| 100 | _a20140526d2013 k y0rusy50 ca | ||
| 101 | 0 | _arus | |
| 102 | _aRU | ||
| 105 | _aa|||7|||101yy | ||
| 200 | 1 |
_aОсвоение и внедрение современных образовательных технологий в учебный процесс _eматериалы VI Международной научно-практической конференции (26 ноября 2013 г.) _eсборник научных трудов _fпод науч. ред. д.п.н., проф. С.П. Акутиной |
|
| 210 |
_aМосква _cСпутник+ _d2013 |
||
| 215 |
_a285 с. _cил. _d20 |
||
| 300 | _aВ надзаг.: Центр науч. мысли | ||
| 320 | _aБиблиогр. в конце ст. | ||
| 606 |
_aПедагогические технологии _jСъезды, совещания и т.п. _92076378 _3RU\NLR\auth\661251519 |
||
| 675 | _a371(082) | ||
| 686 |
_aЧ31,6(2)2я431(0) _2rubbk |
||
| 686 | 1 | _aЧ312я431 | |
| 702 | 1 |
_4340 _7ca _8rus _aАкутина _bС. П. _cд-р пед. наук _gСветлана Петровна _9101441 _3RU\NLR\AUTH\77118516 |
|
| 711 | 1 | 2 |
_a"Освоение и внедрение современных образовательных технологий в учебный процесс", международная научно-практическая конференция _d6 _eТаганрог _f2013 _9405835 _3RU\NLR\AUTH\880369611 |
| 801 | 0 |
_aRU _bRuMoRKP _c20140324 _gRCR |
|
| 801 | 2 |
_aRU _bРГБ _c20140415 _grcr |
|
| 942 | _cBOOK | ||
| 980 | _aNBR | ||